000 00618nam a2200217Ia 4500
003 IN-BaIIA
008 211028s9999 xx 000 0 eng d
020 _a0-486-20925-3
040 _cIIA Library
080 _a524.83
_bSIN
100 _aSingh, Jagjit
_95690
245 0 _aGreat ideas and theories of modern cosmology
_cJagjit Singh
250 _a2nd rev. ed.
260 _aNew York
_bDover Publications
_c1970
300 _a416p.
490 _aDover books explaining science and mathematics
650 _aAstronomy and astrophysics thesaurus
650 _aCosmology
650 _aUniverse
_91987
942 _cBK
999 _c3984
_d3984